00531nam a2200193 a 4500001001300000003000900013005001700022008004100039020001200080082001500092100000700107245008100114260004200195300000800237500003500245505001700280650003300297700000700330nice12345678IN_TiNIC20260116015129.0050524s1992 lona grp 000 0 eng  ac234.500a291.3bMUL a,  aMulti-Faith Worshipb Question and Suggestions from the Inter-Faith Consulta aLondonbChurch House Publishingc1992 a66p aincludes index and biblioraphy2 aBibliography aComparative Religion-Worship1 a,